[Event "Israel ch 2008"]
[Site "Haifa ISR"]
[Date "2008.11.30"]
[Round "1.1"]
[White "Roiz, Michael"]
[Black "Vydeslaver, Alik"]
[Result "1-0"]
[WhiteElo "2677"]
[BlackElo "2399"]
[PlyCount "97"]
[EventDate "2008.11.??"]
[EventType "team-tourn"]
[EventRounds "9"]
[EventCountry "ISR"]
[Source "lmi"]
[SourceDate "2008.11.30"]

1. Nf3 d5 2. d4 c6 3. c4 e6 4. Qc2 Nf6 5. Bg5 dxc4 6. Qxc4 b5 7. Qc2 Bb7 8. e3
Nbd7 9. Bd3 Rc8 10. Qe2 a6 11. a4 h6 12. Bxf6 Bb4+ 13. Nbd2 Qxf6 14. O-O O-O
15. Be4 Qe7 16. axb5 axb5 17. Ra7 Nf6 18. Rc1 Rc7 19. Bb1 Ra8 20. Rxa8+ Bxa8
21. Nb3 g6 22. Nc5 Ra7 23. Ne5 Bxc5 24. Rxc5 Nd7 25. Nxd7 Qxd7 26. h4 Ra1 27.
Qd3 h5 28. Rc3 e5 29. Ra3 Rxa3 30. Qxa3 Bb7 31. Qd3 exd4 32. Qxd4 Bc8 33. Be4
Qxd4 34. exd4 Bd7 35. Kh2 Kg7 36. Kg3 f5 37. Bf3 Kf6 38. Kf4 Be8 39. b4 Bd7 40.
g3 Be8 41. Ke3 Ke6 42. Kf4 Kf6 43. Bg2 Bd7 44. Ke3 Ke6 45. d5+ cxd5 46. Kd4 Bc6
47. Kc5 Kd7 48. f4 Ba8 49. Bf1 1-0

[Event "Israel ch 2008"]
[Site "Haifa ISR"]
[Date "2008.11.30"]
[Round "1.6"]
[White "Kataev, Simcho"]
[Black "Mikhalevski, Victor"]
[Result "1-0"]
[WhiteElo "2315"]
[BlackElo "2602"]
[PlyCount "55"]
[EventDate "2008.11.??"]
[EventType "team-tourn"]
[EventRounds "9"]
[EventCountry "ISR"]
[Source "lmi"]
[SourceDate "2008.11.30"]

1. d4 Nf6 2. Bg5 Ne4 3. Bf4 c5 4. e3 Qb6 5. b3 Qa5+ 6. c3 Nxc3 7. Qd2 cxd4 8.
exd4 e5 9. Ne2 exf4 10. Nexc3 Bb4 11. Be2 O-O 12. O-O d5 13. a3 Bd6 14. b4 Qd8
15. Nxd5 Nc6 16. Nbc3 Bf5 17. Bf3 Qh4 18. Nb5 Bb8 19. Rfe1 Qd8 20. Re2 a6 21.
Nbc3 g5 22. Rae1 Ba7 23. Re5 Nxe5 24. Rxe5 Bg6 25. h4 h6 26. hxg5 Kh7 27. Re7
Qd6 28. Rxb7 1-0

[Event "Israel ch 2008"]
[Site "Haifa ISR"]
[Date "2008.11.30"]
[Round "1.7"]
[White "Huzman, Alexander"]
[Black "Chernomordik, Pavel"]
[Result "1-0"]
[WhiteElo "2591"]
[BlackElo "2302"]
[PlyCount "51"]
[EventDate "2008.11.??"]
[EventType "team-tourn"]
[EventRounds "9"]
[EventCountry "ISR"]
[Source "lmi"]
[SourceDate "2008.11.30"]

1. Nf3 g6 2. e4 Bg7 3. d4 d6 4. c4 a6 5. Nc3 c6 6. Be2 b5 7. O-O Nd7 8. a3 Nb6
9. c5 dxc5 10. dxc5 Qxd1 11. Rxd1 Nd7 12. Be3 Nh6 13. Nd4 Nb8 14. h3 O-O 15. f4
a5 16. g4 f6 17. a4 e5 18. fxe5 fxe5 19. Ndxb5 cxb5 20. axb5 Nf7 21. Bc4 Kh8
22. Bd5 Ra7 23. c6 Rc7 24. Bb6 Re7 25. Bc5 Be6 26. Rf1 1-0

[Event "Israel ch 2008"]
[Site "Haifa ISR"]
[Date "2008.11.30"]
[Round "1.8"]
[White "Tarnopolsky, Anatoly"]
[Black "Golod, Vitali"]
[Result "0-1"]
[WhiteElo "2301"]
[BlackElo "2584"]
[PlyCount "90"]
[EventDate "2008.11.??"]
[EventType "team-tourn"]
[EventRounds "9"]
[EventCountry "ISR"]
[Source "lmi"]
[SourceDate "2008.11.30"]

1. d4 d5 2. c4 dxc4 3. e3 c5 4. Bxc4 cxd4 5. Nf3 Qc7 6. Qb3 e6 7. exd4 Nc6 8.
O-O Nf6 9. Bg5 Be7 10. Nc3 O-O 11. Bd3 Qa5 12. Qb5 Qxb5 13. Bxb5 Rd8 14. Rfd1
Nb4 15. a3 Nbd5 16. Nxd5 Nxd5 17. Bxe7 Nxe7 18. Rac1 a6 19. Bd3 Bd7 20. Rc7 Nd5
21. Rc5 Ba4 22. Re1 Rab8 23. h3 h6 24. Be4 Nf6 25. Rc7 Nxe4 26. Rxe4 Bc6 27.
Re3 Rbc8 28. Rxc8 Rxc8 29. Rc3 f6 30. Nd2 Kf7 31. f3 Rd8 32. Nb3 Rd5 33. Kf2
Rb5 34. Ke3 Bd5 35. Rc7+ Kg8 36. Nd2 Rxb2 37. h4 Ra2 38. Rc3 f5 39. g3 g5 40.
hxg5 hxg5 41. g4 f4+ 42. Kd3 b5 43. Rc8+ Kg7 44. Ne4 Rxa3+ 45. Kd2 Bxe4 0-1

[Event "Israel ch 2008"]
[Site "Haifa ISR"]
[Date "2008.11.30"]
[Round "1.9"]
[White "Greenfeld, Alon"]
[Black "Baron, Tal"]
[Result "0-1"]
[WhiteElo "2560"]
[BlackElo "2299"]
[PlyCount "104"]
[EventDate "2008.11.??"]
[EventType "team-tourn"]
[EventRounds "9"]
[EventCountry "ISR"]
[Source "lmi"]
[SourceDate "2008.11.30"]

1. Nf3 Nf6 2. c4 g6 3. Nc3 d5 4. Qa4+ Bd7 5. Qb3 dxc4 6. Qxc4 a6 7. g3 b5 8.
Qb3 c5 9. d3 Nc6 10. Bg2 Bg7 11. O-O O-O 12. Bf4 Rc8 13. Rac1 Qa5 14. Be3 b4
15. Nd5 Nxd5 16. Qxd5 Be6 17. Qe4 c4 18. Qh4 h5 19. Ng5 Bf6 20. Bxc6 Rxc6 21.
dxc4 Qxa2 22. c5 a5 23. Bd4 Bg4 24. Bxf6 exf6 25. Ne4 g5 26. Nxf6+ Rxf6 27.
Qxg5+ Rg6 28. Qd2 Qe6 29. f3 Bh3 30. Rfe1 h4 31. Qf4 hxg3 32. hxg3 Qf5 33. Qxf5
Bxf5 34. Kf2 Rc6 35. e4 Be6 36. Ke3 a4 37. f4 f6 38. f5 Bb3 39. Rh1 Rd8 40. g4
a3 41. bxa3 bxa3 42. Rc3 Rb8 43. Kf4 a2 44. g5 fxg5+ 45. Kxg5 Bf7 46. Rcc1 Rbc8
47. e5 Bd5 48. Rhg1 Rxc5 49. Kf6+ Kf8 50. Rcd1 Be4 51. Rd6 R8c6 52. Rxc6 Rxc6+
0-1

[Event "Israel ch 2008"]
[Site "Haifa ISR"]
[Date "2008.11.30"]
[Round "1.10"]
[White "Miller, Evgeny"]
[Black "Gofshtein, Leonid D"]
[Result "0-1"]
[WhiteElo "2291"]
[BlackElo "2546"]
[PlyCount "102"]
[EventDate "2008.11.??"]
[EventType "team-tourn"]
[EventRounds "9"]
[EventCountry "ISR"]
[Source "lmi"]
[SourceDate "2008.11.30"]

1. e4 g6 2. d4 Bg7 3. Nf3 d6 4. h3 Nf6 5. Nc3 O-O 6. Be3 a6 7. a4 b6 8. Bd3 Bb7
9. O-O e6 10. Qd2 Nc6 11. Bh6 e5 12. dxe5 Nxe5 13. Nxe5 dxe5 14. Bxg7 Kxg7 15.
Rad1 Qe7 16. f3 Rfd8 17. Ne2 Nd7 18. b3 Nc5 19. Qc3 Rd6 20. Bc4 Rad8 21. Rxd6
Qxd6 22. Nf4 Nxa4 23. bxa4 Qc5+ 24. Kh2 Rd4 25. Nd3 Qxc4 26. Qb2 f6 27. Qa3 Rd6
28. Rf2 a5 29. Qa1 Qd4 30. Qa2 Ba6 31. f4 exf4 32. Rxf4 Bxd3 33. cxd3 Qe5 34.
g3 Rxd3 35. Qc2 Rxg3 36. Kxg3 g5 37. Kg2 Qxf4 38. Qc6 Qd6 39. Qe8 Qe5 40. Qd7+
Kg6 41. Qc6 h5 42. Qc4 Kg7 43. Kf1 Qf4+ 44. Kg2 h4 45. Kh1 Qf3+ 46. Kg1 Qg3+
47. Kf1 Qxh3+ 48. Ke2 Qg3 49. Qe6 Qe5 50. Qd7+ Kh6 51. Ke3 Qf4+ 0-1

[Event "Israel ch 2008"]
[Site "Haifa ISR"]
[Date "2008.11.30"]
[Round "1.11"]
[White "Lerner, Konstantin Z"]
[Black "Kaplivatski, Alexander"]
[Result "1-0"]
[WhiteElo "2542"]
[BlackElo "2286"]
[PlyCount "65"]
[EventDate "2008.11.??"]
[EventType "team-tourn"]
[EventRounds "9"]
[EventCountry "ISR"]
[Source "lmi"]
[SourceDate "2008.11.30"]

1. Nf3 Nf6 2. c4 e6 3. d4 Bb4+ 4. Bd2 Bxd2+ 5. Qxd2 b6 6. g3 Bb7 7. Bg2 O-O 8.
Nc3 d6 9. Qc2 Nbd7 10. O-O Qe7 11. e4 c5 12. d5 Rfe8 13. Nb5 exd5 14. exd5 Nf8
15. Rfe1 Qd7 16. a4 h6 17. Nd2 Ng6 18. Ne4 Nxe4 19. Bxe4 Ne7 20. Re3 a6 21. Nc3
Kf8 22. Rae1 Rad8 23. Rf3 Bc8 24. Ree3 Ng8 25. Bf5 Qc7 26. Be6 Re7 27. Qg6 Rde8
28. Bxf7 Rxf7 29. Rxe8+ Kxe8 30. Ne4 Nf6 31. Nxf6+ gxf6 32. Qg8+ Rf8 33. Re3+
1-0

[Event "Israel ch 2008"]
[Site "Haifa ISR"]
[Date "2008.11.30"]
[Round "1.12"]
[White "Raznikov, Danny"]
[Black "Kantsler, Boris"]
[Result "0-1"]
[WhiteElo "2251"]
[BlackElo "2491"]
[PlyCount "152"]
[EventDate "2008.11.??"]
[EventType "team-tourn"]
[EventRounds "9"]
[EventCountry "ISR"]
[Source "lmi"]
[SourceDate "2008.11.30"]

1. d4 Nf6 2. Nf3 c5 3. d5 e6 4. c4 b5 5. dxe6 fxe6 6. cxb5 d5 7. g3 Bd6 8. Bg2
O-O 9. O-O Bb7 10. Nbd2 Nbd7 11. e4 Re8 12. Re1 Bc7 13. Qc2 h6 14. exd5 exd5
15. b3 Rxe1+ 16. Nxe1 Be5 17. Bb2 Bxb2 18. Qxb2 Qa5 19. a4 Re8 20. Nd3 Qb6 21.
Re1 Rxe1+ 22. Nxe1 a6 23. bxa6 Bxa6 24. Nef3 Qb4 25. Qc2 c4 26. bxc4 dxc4 27.
Bf1 Nb6 28. a5 Qxa5 29. Nxc4 Nxc4 30. Bxc4+ Bxc4 31. Qxc4+ Kh7 32. h3 Qf5 33.
Kg2 Ne4 34. Qd4 Ng5 35. Nxg5+ Qxg5 36. Qe4+ Kg8 37. h4 Qc5 38. g4 Qc1 39. Qd5+
Kh7 40. Qf5+ Kg8 41. g5 hxg5 42. hxg5 Qc6+ 43. Qf3 Qe6 44. Kg3 g6 45. Qa8+ Kg7
46. Qa1+ Kg8 47. Qd4 Qf5 48. Qd8+ Kg7 49. Qe7+ Kg8 50. f3 Qb1 51. Qe8+ Kg7 52.
Qe7+ Kg8 53. Qd8+ Kg7 54. Qd4+ Kg8 55. f4 Qb3+ 56. Kf2 Qe6 57. Qe5 Qc6 58. Ke3
Kf7 59. Kd4 Qa6 60. Qd5+ Ke7 61. Qc5+ Ke6 62. Qe5+ Kf7 63. Qd5+ Ke7 64. Qc4
Qa1+ 65. Kd5 Qa8+ 66. Kd4 Qa1+ 67. Kd5 Qa8+ 68. Qc6 Qxc6+ 69. Kxc6 Ke6 70. Kc5
Kf5 71. Kd4 Kxf4 72. Kd3 Kxg5 73. Ke3 Kg4 74. Kf2 Kh3 75. Kg1 Kg3 76. Kh1 g5
0-1

[Event "Israel ch 2008"]
[Site "Haifa ISR"]
[Date "2008.11.30"]
[Round "1.13"]
[White "Nabati, Tamir"]
[Black "Zak, Uri"]
[Result "1-0"]
[WhiteElo "2456"]
[BlackElo "2205"]
[PlyCount "55"]
[EventDate "2008.11.??"]
[EventType "team-tourn"]
[EventRounds "9"]
[EventCountry "ISR"]
[Source "lmi"]
[SourceDate "2008.11.30"]

1. e4 e5 2. Nc3 Nf6 3. f4 d5 4. exd5 exf4 5. Bb5+ Bd7 6. Bc4 Bd6 7. Qe2+ Qe7 8.
d4 Bf5 9. Nb5 Be4 10. Nf3 O-O 11. Bb3 a6 12. Nxd6 Qxd6 13. c4 Re8 14. Ne5 c5
15. Bxf4 cxd4 16. O-O Rxe5 17. c5 Qc7 18. d6 Qxc5 19. Rfc1 Nbd7 20. Rxc5 Rxc5
21. Re1 Rac8 22. Qf2 d3 23. Qd4 Bg6 24. h3 h5 25. Re7 b5 26. Bd2 R8c6 27. Bc3
Nf8 28. d7 1-0

[Event "Israel ch 2008"]
[Site "Haifa ISR"]
[Date "2008.11.30"]
[Round "1.15"]
[White "Bykhovsky, Anatoly"]
[Black "Porat, Maya"]
[Result "1-0"]
[WhiteElo "2447"]
[BlackElo "2167"]
[PlyCount "71"]
[EventDate "2008.11.??"]
[EventType "team-tourn"]
[EventRounds "9"]
[EventCountry "ISR"]
[Source "lmi"]
[SourceDate "2008.11.30"]

1. d4 Nf6 2. c4 c5 3. d5 e6 4. Nc3 exd5 5. cxd5 d6 6. e4 g6 7. f4 Bg7 8. Bb5+
Nfd7 9. a4 O-O 10. Nf3 Na6 11. O-O Nc7 12. Bc4 b6 13. Re1 Ba6 14. Bxa6 Nxa6 15.
e5 Re8 16. e6 fxe6 17. dxe6 Nf6 18. Ng5 d5 19. Nf7 Qe7 20. f5 c4 21. Bf4 Nc5
22. Nxd5 Nxd5 23. Qxd5 Nd3 24. Bg5 Qc5+ 25. Qxc5 Nxc5 26. g4 Bxb2 27. Rad1 Nd3
28. Re4 Bg7 29. f6 Nc5 30. fxg7 Nxe4 31. Rd7 Kxg7 32. Nh6+ Kh8 33. Be3 Rxe6 34.
Bd4+ Nf6 35. g5 Rf8 36. Ng4 1-0

[Event "Israel ch 2008"]
[Site "Haifa ISR"]
[Date "2008.11.30"]
[Round "1.16"]
[White "Vovinkina, Natalia"]
[Black "Tseitlin, Mark D"]
[Result "0-1"]
[WhiteElo "2437"]
[BlackElo "2147"]
[PlyCount "48"]
[EventDate "2008.11.??"]
[EventType "team-tourn"]
[EventRounds "9"]
[EventCountry "ISR"]
[Source "lmi"]
[SourceDate "2008.11.30"]

1. d4 Nf6 2. Bg5 c5 3. d5 Ne4 4. Bf4 Qb6 5. Be5 d6 6. Bc3 Nxc3 7. bxc3 g6 8. e4
Bg7 9. a4 O-O 10. a5 Qc7 11. Ra3 Nd7 12. c4 e6 13. Be2 exd5 14. exd5 Ne5 15. f4
Nd7 16. Nf3 Nf6 17. O-O Re8 18. Nfd2 h5 19. h3 Bf5 20. g4 hxg4 21. hxg4 Bxc2
22. Qxc2 Rxe2 23. Nc3 Re3 24. Rf3 Qe7 0-1

[Event "Israel ch 2008"]
[Site "Haifa ISR"]
[Date "2008.11.30"]
[Round "1.17"]
[White "Berkovich, Mark A"]
[Black "Atnilov, Bella"]
[Result "1-0"]
[WhiteElo "2409"]
[BlackElo "2119"]
[PlyCount "97"]
[EventDate "2008.11.??"]
[EventType "team-tourn"]
[EventRounds "9"]
[EventCountry "ISR"]
[Source "lmi"]
[SourceDate "2008.11.30"]

1. Nf3 d5 2. g3 Nf6 3. Bg2 Bf5 4. c4 c6 5. cxd5 cxd5 6. Qb3 Qc8 7. Nc3 e6 8.
O-O h6 9. d3 Nbd7 10. Bf4 Nc5 11. Qb5+ Nfd7 12. Na4 Nxa4 13. Qxa4 Qc6 14. Qxc6
bxc6 15. Nd4 Rc8 16. Nxf5 exf5 17. Rac1 Nf6 18. Be5 Be7 19. Bxf6 Bxf6 20. Bxd5
Bxb2 21. Bxc6+ Ke7 22. Rb1 Be5 23. Rb5 f6 24. Bd5 Kd6 25. Bb3 Rc5 26. Rxc5 Kxc5
27. e3 Kc6 28. d4 Bd6 29. Be6 g6 30. Rc1+ Kb6 31. Bd7 Be7 32. Rc6+ Kb7 33. Re6
Bd8 34. Kg2 g5 35. f4 Rh7 36. Bc6+ Kc7 37. Bb5 gxf4 38. gxf4 Re7 39. Rc6+ Kb7
40. Kf3 Rc7 41. Rd6 Be7 42. Re6 Kb8 43. Bd3 Kc8 44. Bxf5 Kd8 45. Ra6 Rb7 46. d5
Rb2 47. d6 Bf8 48. Rc6 Rb8 49. d7 1-0

[Event "Israel ch 2008"]
[Site "Haifa ISR"]
[Date "2008.11.30"]
[Round "1.18"]
[White "Aharon, Ofir"]
[Black "Caspi, Israel"]
[Result "0-1"]
[WhiteElo "2118"]
[BlackElo "2408"]
[PlyCount "118"]
[EventDate "2008.11.??"]
[EventType "team-tourn"]
[EventRounds "9"]
[EventCountry "ISR"]
[Source "lmi"]
[SourceDate "2008.11.30"]

1. e4 c5 2. Nf3 d6 3. d4 cxd4 4. Nxd4 Nc6 5. Nc3 Nf6 6. Bg5 e6 7. Qd2 Be7 8.
O-O-O O-O 9. f4 Nxd4 10. Qxd4 Qa5 11. Bc4 b5 12. Bxb5 Rb8 13. e5 dxe5 14. fxe5
Rxb5 15. exf6 Bc5 16. Qa4 Qxa4 17. Nxa4 Bb4 18. fxg7 Kxg7 19. Bd2 Be7 20. Nc3
Rh5 21. Bf4 Rg8 22. Rhe1 f6 23. Bg3 Kf7 24. Ne4 Ra5 25. a3 Ra6 26. Rd3 e5 27.
Rc3 f5 28. Rc7 fxe4 29. Bh4 Rf6 30. Bxf6 Kxf6 31. Rc6+ Kf5 32. g4+ Kf4 33. Rc4
Kf3 34. Rc3+ Kf2 35. Rxe4 Bxg4 36. Kb1 Bd6 37. Rd3 Bb8 38. Rd2+ Kf3 39. Rde2
Bf5 40. R2e3+ Kf2 41. Re2+ Kg1 42. Re1+ Kxh2 43. Rh4+ Kg3 44. Rhh1 Bg6 45.
Reg1+ Kf4 46. Rf1+ Kg5 47. Rhg1+ Kh6 48. Rf6 Rc8 49. Re6 Kg7 50. Rg2 Kf7 51.
Ra6 e4 52. Rf2+ Kg7 53. Re6 Re8 54. Rxe8 Bxe8 55. Rg2+ Bg6 56. c4 Kf6 57. Kc2
e3+ 58. Kc3 Be5+ 59. Kb4 Bh5 0-1

[Event "Israel ch 2008"]
[Site "Haifa ISR"]
[Date "2008.11.30"]
[Round "1.19"]
[White "Klenburg, Mikhail"]
[Black "Efroimski, Marsel"]
[Result "1-0"]
[WhiteElo "2403"]
[BlackElo "2052"]
[PlyCount "97"]
[EventDate "2008.11.??"]
[EventType "team-tourn"]
[EventRounds "9"]
[EventCountry "ISR"]
[Source "lmi"]
[SourceDate "2008.11.30"]

1. Nf3 d5 2. g3 c6 3. Bg2 Nf6 4. O-O Bf5 5. d3 h6 6. c4 dxc4 7. dxc4 Qxd1 8.
Rxd1 Nbd7 9. Nc3 a5 10. Bf4 g5 11. Bc7 Nc5 12. Nd4 Bd7 13. e4 Ne6 14. Bb6 Nxd4
15. Bxd4 Rg8 16. Na4 Bg4 17. f3 Be6 18. Nb6 Rd8 19. Bc3 Nd7 20. Bxa5 Bg7 21.
Rab1 Be5 22. Nxd7 Rxd7 23. Rxd7 Bxd7 24. Bb6 Rg6 25. Be3 f5 26. Bc5 h5 27. b3
f4 28. gxf4 Bxf4 29. Re1 e5 30. Rd1 g4 31. fxg4 hxg4 32. Bf2 g3 33. hxg3 Bxg3
34. c5 Bf4 35. Rd3 Bg4 36. Kf1 Rf6 37. Bh3 Bh5 38. Bd7+ Kf8 39. Bf5 Rh6 40.
Rd8+ Ke7 41. Rd7+ Kf8 42. Rxb7 Bf7 43. Bg1 Rh1 44. Kg2 Rh5 45. Rc7 Rxf5 46.
exf5 e4 47. Rc8+ Ke7 48. Bd4 Bd5 49. Kf2 1-0

[Event "Israel ch 2008"]
[Site "Haifa ISR"]
[Date "2008.11.30"]
[Round "1.20"]
[White "Vasiliev, Olga"]
[Black "Igla, Bella"]
[Result "1/2-1/2"]
[WhiteElo "2235"]
[BlackElo "2254"]
[PlyCount "60"]
[EventDate "2008.11.??"]
[EventType "team-tourn"]
[EventRounds "9"]
[EventCountry "ISR"]
[Source "lmi"]
[SourceDate "2008.11.30"]

1. e4 d6 2. d4 Nf6 3. f3 g6 4. Bd3 Bg7 5. Ne2 O-O 6. O-O c5 7. c3 a6 8. Be3
Nbd7 9. Nd2 b5 10. a4 c4 11. Bc2 Bb7 12. Ng3 e5 13. f4 Qe7 14. Qe2 exf4 15.
Bxf4 d5 16. e5 Ne8 17. axb5 axb5 18. Rxa8 Bxa8 19. Qg4 Nc7 20. Bg5 Qe6 21. Qxe6
Nxe6 22. Be7 Re8 23. Bd6 Bb7 24. Ra1 Ra8 25. Rxa8+ Bxa8 26. b4 Bh6 27. Nf3 Bc6
28. Kf2 Nb6 29. Ne2 Na4 30. g3 Kg7 1/2-1/2

[Event "Israel ch 2008"]
[Site "Haifa ISR"]
[Date "2008.12.02"]
[Round "2.3"]
[White "Tseitlin, Mark D"]
[Black "Avrukh, Boris"]
[Result "0-1"]
[WhiteElo "2437"]
[BlackElo "2657"]
[PlyCount "108"]
[EventDate "2008.11.??"]
[EventType "team-tourn"]
[EventRounds "9"]
[EventCountry "ISR"]
[Source "lmi"]
[SourceDate "2008.11.30"]

1. e4 e5 2. Nf3 Nc6 3. Bb5 a6 4. Ba4 Nf6 5. O-O Be7 6. Re1 b5 7. Bb3 d6 8. c3
O-O 9. h3 Nb8 10. d4 Nbd7 11. Nbd2 Bb7 12. Bc2 Re8 13. Nf1 Bf8 14. Ng3 g6 15.
b3 Bg7 16. d5 Rc8 17. c4 c6 18. Be3 Nb6 19. Qe2 cxd5 20. cxd5 Nbxd5 21. exd5
Nxd5 22. Bg5 Qc7 23. Bd3 Nc3 24. Qe3 e4 25. Rac1 Qd7 26. Bxe4 Bxe4 27. Nxe4
Rxe4 28. Qb6 d5 29. Kh2 Qc7+ 30. Qxc7 Rxc7 31. Rc2 f5 32. g3 d4 33. Kg2 b4 34.
Rd1 h6 35. Bf4 Rc5 36. Rd3 g5 37. Bd6 Rb5 38. Rcd2 a5 39. Nxd4 Rxd4 40. Rxd4
Bxd4 41. Rxd4 Nxa2 42. Rc4 Nc3 43. Bc5 Kf7 44. Kf3 Ne4 45. Be3 Rb7 46. Rc1 a4
47. bxa4 b3 48. Bd4 b2 49. Bxb2 Rb3+ 50. Ke2 Rxb2+ 51. Ke3 Ke6 52. Rc6+ Kd5 53.
Rxh6 Rxf2 54. Ra6 f4+ 0-1

[Event "Israel ch 2008"]
[Site "Haifa ISR"]
[Date "2008.12.02"]
[Round "2.5"]
[White "Golod, Vitali"]
[Black "Bykhovsky, Anatoly"]
[Result "1/2-1/2"]
[WhiteElo "2584"]
[BlackElo "2447"]
[PlyCount "61"]
[EventDate "2008.11.??"]
[EventType "team-tourn"]
[EventRounds "9"]
[EventCountry "ISR"]
[Source "lmi"]
[SourceDate "2008.11.30"]

1. Nf3 Nf6 2. c4 g6 3. Nc3 d5 4. cxd5 Nxd5 5. Qa4+ Bd7 6. Qh4 Bc6 7. Qd4 Rg8 8.
e3 Bg7 9. Qc4 Nb6 10. Qb3 e5 11. d3 N8d7 12. Be2 Nc5 13. Qc2 Bxf3 14. gxf3 Ne6
15. Bd2 Qd7 16. O-O-O O-O-O 17. Kb1 f5 18. Rc1 Kb8 19. Rhd1 Qe7 20. Qb3 Rge8
21. Nb5 Qh4 22. Be1 Qxh2 23. a4 Nd5 24. a5 a6 25. Nc3 Nf6 26. Na4 Rd6 27. Nc5
Nxc5 28. Rxc5 Nd7 29. Rd5 Rxd5 30. Qxd5 Rd8 31. f4 1/2-1/2

[Event "Israel ch 2008"]
[Site "Haifa ISR"]
[Date "2008.12.03"]
[Round "3.1"]
[White "Avrukh, Boris"]
[Black "Postny, Evgeny"]
[Result "1/2-1/2"]
[WhiteElo "2657"]
[BlackElo "2674"]
[PlyCount "120"]
[EventDate "2008.11.??"]
[EventType "team-tourn"]
[EventRounds "9"]
[EventCountry "ISR"]
[Source "lmi"]
[SourceDate "2008.11.30"]

1. d4 d5 2. c4 c6 3. Nf3 Nf6 4. Nc3 dxc4 5. a4 e6 6. e3 c5 7. Bxc4 cxd4 8. exd4
Be7 9. O-O O-O 10. Re1 Nc6 11. Bg5 b6 12. Ne5 Bb7 13. Ba6 Qc8 14. Qf3 Na5 15.
Bxb7 Qxb7 16. Qxb7 Nxb7 17. Nc6 Bd6 18. Bxf6 gxf6 19. d5 Nd8 20. Rac1 Nxc6 21.
dxc6 Rfc8 22. Ne4 Be7 23. Red1 Rc7 24. Rd7 Rac8 25. Rxc7 Rxc7 26. g4 Kg7 27.
Rc4 a5 28. Kg2 f5 29. gxf5 exf5 30. Ng3 Kg6 31. h4 Bc5 32. Rf4 Rxc6 33. Rxf5
Bd4 34. h5+ Kg7 35. b3 Rc5 36. Rf3 Kf8 37. Rd3 Be5 38. Ne4 Rc6 39. Rd5 Bc7 40.
Rd7 Ke8 41. Rd5 Ke7 42. Rf5 f6 43. Rb5 Ke6 44. Nd2 Rd6 45. Ne4 Rd4 46. Kf3 Rb4
47. Rxb4 axb4 48. Ke3 Ke5 49. Kd3 Bd8 50. Ke3 Kd5 51. f4 Be7 52. Kd3 Bd8 53.
Ng3 Bc7 54. Ke3 Bd6 55. Nf5 Bf8 56. Kd3 Bc5 57. Ng3 Bd6 58. Ne4 Be7 59. Ng3 Bd6
60. Ne4 Be7 1/2-1/2

[Event "Israel ch 2008"]
[Site "Haifa ISR"]
[Date "2008.12.03"]
[Round "3.2"]
[White "Lerner, Konstantin Z"]
[Black "Roiz, Michael"]
[Result "0-1"]
[WhiteElo "2542"]
[BlackElo "2677"]
[PlyCount "74"]
[EventDate "2008.11.??"]
[EventType "team-tourn"]
[EventRounds "9"]
[EventCountry "ISR"]
[Source "lmi"]
[SourceDate "2008.11.30"]

1. Nf3 Nf6 2. c4 c6 3. Nc3 d5 4. d4 e6 5. Bg5 h6 6. Bxf6 Qxf6 7. e3 Nd7 8. Bd3
dxc4 9. Bxc4 g6 10. O-O Bg7 11. b4 O-O 12. a4 e5 13. a5 Rd8 14. Qb3 exd4 15.
exd4 b5 16. Bd3 Nf8 17. Ne4 Qf4 18. Qc3 Bg4 19. Ne5 Rxd4 20. Qxd4 Bxe5 21. g3
Bxd4 22. gxf4 Bxa1 23. Rxa1 Bf3 24. Re1 f5 25. Nc5 Kf7 26. Re3 Bd5 27. h4 Ne6
28. Nxe6 Bxe6 29. Be2 Rd8 30. Rc3 Rd6 31. Kg2 Rd4 32. Bf3 Rxb4 33. Rxc6 Rc4 34.
Ra6 Rc7 35. Rd6 Ke7 36. Rd1 b4 37. Re1 Rc5 0-1

[Event "Israel ch 2008"]
[Site "Haifa ISR"]
[Date "2008.12.03"]
[Round "3.3"]
[White "Bykhovsky, Anatoly"]
[Black "Smirin, Ilia"]
[Result "1/2-1/2"]
[WhiteElo "2447"]
[BlackElo "2649"]
[PlyCount "70"]
[EventDate "2008.11.??"]
[EventType "team-tourn"]
[EventRounds "9"]
[EventCountry "ISR"]
[Source "lmi"]
[SourceDate "2008.11.30"]

1. d4 Nf6 2. c4 g6 3. Nc3 Bg7 4. e4 d6 5. Nf3 O-O 6. Be2 e5 7. O-O Nc6 8. d5
Ne7 9. b4 a5 10. bxa5 Rxa5 11. a4 c5 12. Bd2 Ra6 13. Rb1 Kh8 14. Qc1 Nfg8 15.
g3 h6 16. Nh4 g5 17. Ng2 f5 18. f4 gxf4 19. gxf4 fxe4 20. Nxe4 Nf5 21. Be3 Nd4
22. Bxd4 exd4 23. Qc2 Ne7 24. Ng3 Nf5 25. Nxf5 Bxf5 26. Bd3 Qd7 27. Rfe1 Bh3
28. Kh1 Qg4 29. Re6 Rxa4 30. Rg6 Bxg2+ 31. Qxg2 Qxg2+ 32. Kxg2 Rxf4 33. Rxb7
Ra2+ 34. Kg1 Ra1+ 35. Kg2 Ra2+ 1/2-1/2

[Event "Israel ch 2008"]
[Site "Haifa ISR"]
[Date "2008.12.03"]
[Round "3.6"]
[White "Berkovich, Mark A"]
[Black "Golod, Vitali"]
[Result "0-1"]
[WhiteElo "2409"]
[BlackElo "2584"]
[PlyCount "86"]
[EventDate "2008.11.??"]
[EventType "team-tourn"]
[EventRounds "9"]
[EventCountry "ISR"]
[Source "lmi"]
[SourceDate "2008.11.30"]

1. d4 d5 2. Nf3 c6 3. g3 Bf5 4. Bg2 Nf6 5. O-O e6 6. c4 Nbd7 7. Qb3 Qb6 8. c5
Qa6 9. Nc3 b6 10. cxb6 axb6 11. Bf4 Be7 12. Nh4 Bg4 13. f3 Bh5 14. g4 Bg6 15.
h3 O-O 16. Nxg6 hxg6 17. e4 c5 18. e5 Nh7 19. Be3 cxd4 20. Bxd4 Bc5 21. Bxc5
Nxc5 22. Qb5 Nd3 23. f4 Qxb5 24. Nxb5 Nxb2 25. f5 gxf5 26. gxf5 Ra5 27. Nd4 Re8
28. Rfb1 Nc4 29. fxe6 fxe6 30. Rb5 Rxb5 31. Nxb5 Nf8 32. Nc7 Rd8 33. Rb1 Rd7
34. Na6 Ra7 35. Nb4 Ra4 36. Nc6 Rxa2 37. Ne7+ Kf7 38. Nxd5 Rxg2+ 39. Kxg2 exd5
40. Kg3 Nd7 41. Re1 Ke6 42. Kh4 Ndxe5 43. Kh5 Kd6 0-1

[Event "Israel ch 2008"]
[Site "Haifa ISR"]
[Date "2008.12.03"]
[Round "3.7"]
[White "Klenburg, Mikhail"]
[Black "Gofshtein, Leonid D"]
[Result "0-1"]
[WhiteElo "2403"]
[BlackElo "2546"]
[PlyCount "44"]
[EventDate "2008.11.??"]
[EventType "team-tourn"]
[EventRounds "9"]
[EventCountry "ISR"]
[Source "lmi"]
[SourceDate "2008.11.30"]

1. Nf3 Nf6 2. g3 g6 3. b3 Bg7 4. Bb2 d6 5. d4 e5 6. Bg2 e4 7. Ng5 d5 8. c4 c6
9. O-O Ng4 10. Nh3 h5 11. Nc3 h4 12. e3 hxg3 13. hxg3 Nf6 14. Nf4 g5 15. Nfe2
Ng4 16. Qd2 Nh2 17. f3 exf3 18. Rxf3 Nxf3+ 19. Bxf3 Be6 20. e4 dxe4 21. d5 Qb6+
22. Kf1 Rh2 0-1

[Event "Israel ch 2008"]
[Site "Haifa ISR"]
[Date "2008.12.03"]
[Round "3.8"]
[White "Gershkowich, David"]
[Black "Kantsler, Boris"]
[Result "1-0"]
[WhiteElo "2341"]
[BlackElo "2491"]
[PlyCount "63"]
[EventDate "2008.11.??"]
[EventType "team-tourn"]
[EventRounds "9"]
[EventCountry "ISR"]
[Source "lmi"]
[SourceDate "2008.11.30"]

1. e4 c5 2. Nf3 e6 3. c3 Qa5 4. a3 Nf6 5. e5 Nd5 6. d4 cxd4 7. b4 Qc7 8. c4 Ne7
9. Qxd4 Nf5 10. Qe4 a5 11. Nc3 axb4 12. Nb5 Qa5 13. g4 Nh6 14. Bd3 Na6 15. Qf4
Nc5 16. Bc2 b3+ 17. Bd2 Qd8 18. Bb1 b6 19. Qd4 Bb7 20. Bg5 Qc8 21. Qf4 Ng8 22.
Bh4 Qc6 23. Rg1 Ra4 24. Ng5 Nh6 25. Ne4 b2 26. Nf6+ gxf6 27. Qxf6 Ra8 28. Nd6+
Qxd6 29. exd6 bxa1=Q 30. Qxa1 Rg8 31. Bxh7 Rg7 32. Bc2 1-0